[Event "American Continental 18th"]
[Site "Medellin"]
[Date "2024.05.28"]
[Round "7"]
[White "Ramirez Hernandez, Eduard Santiago"]
[Black "Lares Jordan, Matias"]
[Result "0-1"]
[WhiteElo "1813"]
[BlackElo "1617"]
[PlyCount "100"]
[EventDate "2024.05.24"]
[EventType "swiss"]
[EventRounds "11"]
[EventCountry "COL"]
[SourceTitle "CBM 220 Extra"]
[Source "ChessBase"]
[SourceDate "2024.07.31"]
[SourceVersion "1"]
[SourceVersionDate "2024.07.31"]
[SourceQuality "1"]

1. d4 Nf6 2. Nf3 c5 3. d5 d6 4. c4 b5 5. Nc3 b4 6. Nb1 g6 7. Nbd2 Bg7 8. e3 0-0 9. Bd3 Na6 10. a3 Bd7 11. Nb3 bxa3 12. Rxa3 Nb4 13. Na5 Rb8 14. 0-0 Ne8 15. Ne1 Nc7 16. Nc2 Nca6 17. Nxb4 Nxb4 18. Re1 f5 19. f3 Kh8 20. Qe2 Kg8 21. Rd1 Qc8 22. b3 Qc7 23. Bb2 Bxb2 24. Qxb2 Rb6 25. Qc3 Ra6 26. Rda1 Re8 27. h4 e5 28. dxe6 Rxe6 29. e4 f4 30. Kf2 Re5 31. g3 fxg3+ 32. Kxg3 d5 33. f4 d4 34. Qd2 Re7 35. e5 Rg7 36. Be4 Bc8 37. Qe2 Qd7 38. Rh1 Qc7 39. Raa1 h6 40. Bd5+ Kh8 41. e6 g5 42. hxg5 Rxg5+ 43. Kf3 Rf5 44. Qe4 Rf8 45. e7 Re8 46. Rhg1 Nxd5 47. Qxd5 Qxe7 48. Qe5+ Qxe5 49. fxe5 Rxe5 50. Kf4 Re3 0-1

[Event "American Continental 18th"]
[Site "Medellin"]
[Date "2024.05.27"]
[Round "6"]
[White "Oseguera, Suhey"]
[Black "Ramirez Hernandez, Eduard Santiago"]
[Result "0-1"]
[WhiteElo "1625"]
[BlackElo "1813"]
[PlyCount "58"]
[EventDate "2024.05.24"]
[EventType "swiss"]
[EventRounds "11"]
[EventCountry "COL"]
[SourceTitle "CBM 220 Extra"]
[Source "ChessBase"]
[SourceDate "2024.07.31"]
[SourceVersion "1"]
[SourceVersionDate "2024.07.31"]
[SourceQuality "1"]

1. e4 e5 2. Nf3 Nf6 3. Nc3 Nc6 4. d4 exd4 5. Nxd4 Bb4 6. Nxc6 bxc6 7. Bd3 h6 8. Bd2 d6 9. 0-0 0-0 10. Qf3 Re8 11. Rad1 Bg4 12. Qg3 Bxd1 13. Rxd1 Bxc3 14. Bxc3 Nh5 15. Qf3 Nf6 16. e5 Nd5 17. Bc4 dxe5 18. Bb4 Rb8 19. Bd2 Rxb2 20. Bb3 e4 21. Qg4 Qf6 22. Bc1 Rb1 23. h3 e3 24. fxe3 Nxe3 25. Bxe3 Rxd1+ 26. Qxd1 Rxe3 27. Qd7 Re1+ 28. Kh2 Qf4+ 29. g3 Qf2# 0-1

[Event "American Continental 18th"]
[Site "Medellin"]
[Date "2024.05.26"]
[Round "4"]
[White "Alvarado Machado, Bryan Alberto"]
[Black "Ramirez Hernandez, Eduard Santiago"]
[Result "1-0"]
[WhiteElo "1586"]
[BlackElo "1813"]
[PlyCount "57"]
[EventDate "2024.05.24"]
[EventType "swiss"]
[EventRounds "11"]
[EventCountry "COL"]
[SourceTitle "CBM 220 Extra"]
[Source "ChessBase"]
[SourceDate "2024.07.31"]
[SourceVersion "1"]
[SourceVersionDate "2024.07.31"]
[SourceQuality "1"]

1. e4 e5 2. Nf3 Nf6 3. Nc3 Nc6 4. Be2 Bc5 5. Nxe5 Bxf2+ 6. Kxf2 Nxe5 7. d4 Ng6 8. e5 Ng8 9. Rf1 d6 10. exd6 Qxd6 11. Kg1 Nf6 12. Bg5 h6 13. Bxf6 gxf6 14. Ne4 Qc6 15. Nxf6+ Ke7 16. d5 Qb6+ 17. Kh1 Qxb2 18. Bc4 b5 19. Qe2+ Qe5 20. Qf3 Kd8 21. Rae1 Nh4 22. Qf2 Qg5 23. Bxb5 Bf5 24. Ne4 Qxg2+ 25. Qxg2 Nxg2 26. Kxg2 Rg8+ 27. Ng3 Bxc2 28. Rf2 Rb8 29. Bc6 1-0

[Event "American Continental 18th"]
[Site "Medellin"]
[Date "2024.05.25"]
[Round "3"]
[White "Ramirez Hernandez, Eduard Santiago"]
[Black "Simancas Maradei, Miguel Alejandro"]
[Result "0-1"]
[WhiteElo "1813"]
[BlackElo "2006"]
[PlyCount "94"]
[EventDate "2024.05.24"]
[EventType "swiss"]
[EventRounds "11"]
[EventCountry "COL"]
[SourceTitle "CBM 220 Extra"]
[Source "ChessBase"]
[SourceDate "2024.07.31"]
[SourceVersion "1"]
[SourceVersionDate "2024.07.31"]
[SourceQuality "1"]

1. b3 c5 2. Bb2 b6 3. Nf3 Bb7 4. e3 Nf6 5. c4 e6 6. d4 Be7 7. Bd3 Qc7 8. Nbd2 d6 9. Rc1 Nbd7 10. Qc2 Rc8 11. 0-0 Qb8 12. Qb1 Qa8 13. dxc5 bxc5 14. e4 h6 15. Rfe1 0-0 16. b4 cxb4 17. Bxf6 Bxf6 18. Qxb4 Nc5 19. Re3 Rc6 20. Qb1 Rb6 21. Nb3 a5 22. Qc2 Rc8 23. Rb1 Nxd3 24. Qxd3 a4 25. Nbd2 Rxb1+ 26. Nxb1 d5 27. cxd5 exd5 28. exd5 Bxd5 29. a3 Rc1+ 30. Re1 Be4 31. Qb5 Qc8 32. Nbd2 Bxf3 33. Nxf3 Rxe1+ 34. Nxe1 Qc1 35. Qe8+ Kh7 36. Qe3 Qa1 37. Kf1 Bc3 38. Qe4+ g6 39. Qe7 Kg7 40. f4 Bxe1 41. Qxe1 Qxa3 42. Qe5+ Kh7 43. Kf2 Qb3 44. g4 a3 45. Qe1 a2 46. Qe5 Qb1 47. g5 a1Q 0-1

[Event "American Continental 18th"]
[Site "Medellin"]
[Date "2024.05.24"]
[Round "1"]
[White "Ramirez Hernandez, Eduard Santiago"]
[Black "Noboa Silva, Kevin Omar"]
[Result "0-1"]
[WhiteElo "1813"]
[BlackElo "2267"]
[PlyCount "66"]
[EventDate "2024.05.24"]
[EventType "swiss"]
[EventRounds "11"]
[EventCountry "COL"]
[SourceTitle "CBM 220 Extra"]
[Source "ChessBase"]
[SourceDate "2024.07.31"]
[SourceVersion "1"]
[SourceVersionDate "2024.07.31"]
[SourceQuality "1"]

1. b3 d5 2. Bb2 Bg4 3. Nf3 Nd7 4. d4 e6 5. e3 Bd6 6. Be2 Ne7 7. Nbd2 c6 8. c4 0-0 9. Qc2 Nf6 10. Bd3 Bf5 11. e4 dxe4 12. Nxe4 Nxe4 13. Bxe4 Qa5+ 14. Ke2 Ng6 15. g3 Rae8 16. c5 Qa6+ 17. Bd3 Bxd3+ 18. Qxd3 Qxd3+ 19. Kxd3 Be7 20. Rhe1 Rd8 21. Kc2 Rd5 22. Rad1 Rfd8 23. b4 Bf6 24. Ne5 Ne7 25. Rd3 h5 26. h3 Nf5 27. Red1 Re8 28. f4 Bxe5 29. dxe5 Red8 30. g4 Ne3+ 31. Rxe3 Rxd1 32. gxh5 R8d2+ 33. Kc3 Rf2 0-1